Estadísticas para Equipos de la liga con más canteranos (2020/2021)

Haz click aquí para intentar la prueba.

Estadísticas generales

  • Esta prueba ha sido intentada 165 veces
  • La puntuación promedio es 8 de 10

Estadísticas de respuestas

Nº CanteranosEquipo% Correcto
9FC Barcelona
97%
20Athletic Club
95%
9Real Madrid
95%
18Real Sociedad
84%
5Real Betis
82%
12Valencia CF
82%
14Celta de Vigo
68%
11Villarreal CF
60%
11CA Osasuna
50%
7Deportivo Alavés
43%

Distribución de puntuación

Porcentaje por número respondido

Porcentaje de gente con cada puntuación

Historial de tus puntuaciones

No has intentado esta prueba.